Účtovanie úveru v sústave jednoduchého účtovníctva
Poskytnutie úveru malým podnikateľom, jeho čerpanie, splácanie úveru a úrokov z úveru a účtovanie týchto hospodárskych operácií v sústave jednoduchého účtovníctva.
Salvato in:
| Autore principale: | |
|---|---|
| Natura: | Capitolo di libro |
| Lingua: | slovacco |
| Soggetti: | |
| Tags: |
Nessun Tag, puoi essere il primo ad aggiungerne!!
|
MARC
| LEADER | 00000naa$a2200000$$$4500 | ||
|---|---|---|---|
| 001 | 0003839 | ||
| 005 | 20231003105403.7 | ||
| 041 | 0 | |a slo | |
| 044 | |a SK | ||
| 245 | 1 | 0 | |a Účtovanie úveru v sústave jednoduchého účtovníctva |c aut. Jarmila Strählová |
| 520 | |a Poskytnutie úveru malým podnikateľom, jeho čerpanie, splácanie úveru a úrokov z úveru a účtovanie týchto hospodárskych operácií v sústave jednoduchého účtovníctva. | ||
| 610 | 2 | 0 | |a účtovanie |
| 610 | 2 | 0 | |a úver |
| 610 | 2 | 0 | |a účtovníctvo jednoduché |
| 610 | 2 | 0 | |a firmy |
| 610 | 2 | 0 | |a podnik malý |
| 100 | 1 | |a Strählová, Jarmila | |